000
00293nam a22000977a 4500
005
20250901165244.0
008
210301b ||||| |||| 00| 0 eng d
050
_a
QC975 .M56
245
_a
The nature of light & colour in the open air
_c
MINNAERT, M.
942
_2
lcc
_h
QC975 .M56 1954
999
_c
1097
_d
1097